| 000 | 00441nam a2200181Ia 4500 | ||
|---|---|---|---|
| 001 | 10782 | ||
| 005 | 20260306161857.0 | ||
| 008 | 260306t2002||||xx |||||||||||||| ||spa|| | ||
| 041 | _aESP | ||
| 082 |
_a951 _bD215 |
||
| 100 |
_aDañino, Guillermo _eAUT |
||
| 245 | 0 |
_aDesde China: _bun país fascinante y misterioso |
|
| 260 | _c2002 | ||
| 300 |
_a269 páginas : _c28 cm. |
||
| 650 | _aGEN | ||
| 654 | _aCHU | ||
| 942 |
_cLIB _dJUS _fJUS _2ddc _n |
||
| 999 |
_c10782 _d10782 |
||